000 00731nam a2200253Ia 4500
003 OSt
005 20220925220015.0
006 a|||||r|||| 00| 0
007 ta
008 220923b |||||||| |||| 00| 0 eng d
020 _a0718501438
037 _cGeneral Book
040 _aRTL
_cRTL
_beng
041 _2eng
_aeng
082 _aV3.N3, N8
100 _aDeane Patrick Ed.
_9283960
245 0 _aHistory in our hands
_b A critical anthology of wri
260 _aLondon
_bLeicester University Press
_c1998
300 _aix, 406p
_ccm.
500 _aBibliography: P 391-397
650 _aGreat Britain History
_91540
942 _hV3.N3, N8
_cGB
_2CC
999 _c570273
_d570273